|
|
|
|
| LEADER |
00935cam a2200253 7i4500 |
| 001 |
0000069456 |
| 005 |
20240221090000.0 |
| 020 |
|
|
|a 9789834607111 (paperback)
|
| 090 |
0 |
0 |
|a PL5206.A435
|b K37 2017
|
| 100 |
0 |
|
|a Kartini Anwar
|
| 245 |
1 |
0 |
|a Pemikiran dan gaya mengarang Raja Ali Haji
|c Kartini Anwar.
|
| 264 |
|
|
|a Kuala Lumpur:
|b Dewan Bahasa dan Pustaka,
|c 2017.
|
| 300 |
|
|
|a v, 158 pages:
|b illustrations;
|c 22 cm.
|
| 336 |
|
|
|a text
|2 rdacontent
|
| 337 |
|
|
|a unmediated
|2 rdamedia
|
| 338 |
|
|
|a volume
|2 rdacarrier
|
| 500 |
|
|
|a Gift: Dewan Bahasa dan Pustaka
|
| 600 |
0 |
0 |
|a Ali al-Haji Riau,
|c Raja,
|d 1809-1870
|
| 650 |
|
0 |
|a Authors, Indonesian
|
| 650 |
|
0 |
|a Malay literature --
|x History and criticism --
|z Riau
|
| 651 |
|
0 |
|a Riau (Indonesia) --
|x History
|
| 997 |
|
|
|a IDE Resource Centre
|
| 999 |
|
|
|a 0000070761
|b BOK
|c OPEN SHELF
|e 1st Floor, Bestari Jaya
|
| 999 |
|
|
|a IDE0000151
|b BOK
|c CLOSED ACCESS COLLECTION
|e IDE Resource Centre
|